000 01045nam a22002417a 4500
005 20170124103144.0
010 _aA-954907
020 _c100.00
_a8171451500
035 _aA-954907
037 _bCen Lib/Ret
040 _aDPL
_bHN
082 _a651.75
_bचौधरी
100 _aचौधरी, लालसिंह
_985637
245 _aहिंदी आलेखन एवं टिप्पण /
_cलालसिंह चौधरी
246 _aHindi alekhan evam tippan /
_bby Lalsingh Chaudhry
260 _aदिल्ली
_bसन्मार्ग प्रकाशन
_c1998
270 _b दिल्ली
_a19 यूं.बी.बंगलो रोड, जवाहर नगर
_e110007
300 _a160पृ.
_c19सेमी(सजिल्द )
500 _aशब्दावली शामिल
650 _aहिन्दी भाषा - उपयोग
_x
_z
_985638
650 _a Hindi language -- Usage.
_980807
942 _2ddc
_cHN
_h651.75
_mचौधरी
999 _c119573
_d119573